[Event "Nassau CC-ch"]
[Site "Mineola"]
[Date "2007.11.26"]
[Round "7"]
[White "Sakayev, Ilya"]
[Black "Stenzel, Harold G"]
[Result "1-0"]
[WhiteElo "1806"]
[BlackElo "2000"]
[PlyCount "143"]
[EventDate "2007.10.15"]
[EventType "swiss"]
[EventRounds "10"]
[EventCountry "USA"]
[SourceTitle "EXT 2009"]
[Source "ChessBase"]
[SourceDate "2008.11.26"]
[SourceVersion "1"]
[SourceVersionDate "2008.11.26"]
[SourceQuality "1"]

1. e4 e6 2. d4 d5 3. Nc3 dxe4 4. Nxe4 Nc6 5. Nf3 b6 6. Bd3 Bb7 7. c3 Be7 8. Qe2 Nf6 9. Nxf6+ gxf6 10. Ba6 Bxa6 11. Qxa6 Rg8 12. Qb5 Qd7 13. Bf4 Bd6 14. Bxd6 Qxd6 15. 0-0 0-0-0 16. a4 Kb7 17. b4 Qd5 18. Qxd5 Rxd5 19. Rfe1 Rf5 20. Kf1 a5 21. b5 Ne7 22. c4 Ng6 23. Re3 e5 24. c5 Nf4 25. c6+ Kc8 26. Nh4 Rh5 27. g3 Nd5 28. Ree1 Nb4 29. Rad1 Nc2 30. Re2 Nxd4 31. Red2 Rd8 32. f4 Ne6 33. Rxd8+ Nxd8 34. f5 Rg5 35. Ke2 Rg4 36. Ra1 Rb4 37. Nf3 Rb2+ 38. Nd2 h5 39. Ke3 Rb4 40. h3 h4 41. g4 Rb2 42. Ra3 Rc2 43. Nf3 Rg2 44. Ra1 Kb8 45. Rc1 Kc8 46. Nxh4 Rg3+ 47. Nf3 Rxh3 48. Kf2 Rh8 49. Kg2 Rg8 50. Kg3 Rh8 51. Nd2 Rh7 52. Ne4 Rh6 53. Rd1 Rh7 54. Nxf6 Rh6 55. g5 Rh8 56. Re1 Kb8 57. Rxe5 Rh1 58. Re4 Rg1+ 59. Kf4 Rf1+ 60. Ke5 Kc8 61. Ng8 Rd1 62. Rd4 Re1+ 63. Kf6 Re8 64. Nh6 Rf8 65. Rd7 Re8 66. Nxf7 Nb7 67. Re7 Nd6 68. Nxd6+ cxd6 69. Rxe8+ Kc7 70. Re7+ Kb8 71. g6 d5 72. c7+ 1-0

[Event "Nassau CC-ch"]
[Site "Mineola"]
[Date "2007.11.12"]
[Round "5"]
[White "Romero, Stephen"]
[Black "Sakayev, Ilya"]
[Result "1-0"]
[WhiteElo "1962"]
[BlackElo "1806"]
[PlyCount "39"]
[EventDate "2007.10.15"]
[EventType "swiss"]
[EventRounds "10"]
[EventCountry "USA"]
[SourceTitle "EXT 2009"]
[Source "ChessBase"]
[SourceDate "2008.11.26"]
[SourceVersion "1"]
[SourceVersionDate "2008.11.26"]
[SourceQuality "1"]

1. c4 e5 2. Nc3 Nc6 3. g3 f5 4. Bg2 Nf6 5. d3 g6 6. Nf3 Bg7 7. 0-0 0-0 8. Rb1 d5 9. cxd5 Nxd5 10. Qb3 Be6 11. Ng5 Nd4 12. Nxe6 Nxb3 13. Nxd8 Nxc3 14. bxc3 Nxc1 15. Rfxc1 Raxd8 16. Rxb7 e4 17. dxe4 fxe4 18. Bxe4 Rd2 19. Bf3 Rxa2 20. Bd5+ 1-0

[Event "Nassau CC-ch"]
[Site "Mineola"]
[Date "2006.12.04"]
[Round "8"]
[White "Sakayev, Ilya"]
[Black "Felber, Joseph J"]
[Result "1-0"]
[WhiteElo "1804"]
[BlackElo "2000"]
[PlyCount "97"]
[EventDate "2006.10.16"]
[EventType "swiss"]
[EventRounds "10"]
[EventCountry "USA"]
[SourceTitle "EXT 2008"]
[Source "ChessBase"]
[SourceDate "2007.11.25"]
[SourceVersion "1"]
[SourceVersionDate "2007.11.25"]
[SourceQuality "1"]

1. e4 c6 2. d4 d5 3. exd5 cxd5 4. c4 Nf6 5. Nc3 g6 6. cxd5 Bg7 7. Bb5+ Nbd7 8. d6 exd6 9. Qe2+ Qe7 10. Qxe7+ Kxe7 11. Bg5 Kd8 12. 0-0-0 a6 13. Bxd7 Kxd7 14. Nf3 b5 15. Rhe1 Re8 16. Ne5+ Kc7 17. Bxf6 Bh6+ 18. Kb1 dxe5 19. Rxe5 Bf5+ 20. Ka1 Re6 21. Rxe6 fxe6 22. Be5+ Kb7 23. f4 Rc8 24. Re1 Bf8 25. h3 h5 26. Rg1 b4 27. Na4 Be7 28. b3 Be4 29. g4 hxg4 30. hxg4 Ka7 31. Nc5 g5 32. Nxe6 gxf4 33. Nxf4 Bg5 34. Ne6 Bd2 35. a3 Bd5 36. Nc7 Bxb3 37. axb4 Bc3+ 38. Kb1 Bxb4 39. Kb2 Ba4 40. Rc1 Rf8 41. Nd5 Rf2+ 42. Kb1 Ba5 43. g5 Bb5 44. Ne7 Bd3+ 45. Ka1 Bd2 46. Nc8+ Ka8 47. Rc7 Rf1+ 48. Ka2 Bb1+ 49. Kb2 1-0

[Event "Nassau CC-ch"]
[Site "Mineola"]
[Date "2006.11.27"]
[Round "7"]
[White "Masino, Matthew"]
[Black "Sakayev, Ilya"]
[Result "0-1"]
[WhiteElo "1669"]
[BlackElo "1801"]
[PlyCount "40"]
[EventDate "2006.10.16"]
[EventType "swiss"]
[EventRounds "10"]
[EventCountry "USA"]
[SourceTitle "EXT 2008"]
[Source "ChessBase"]
[SourceDate "2007.11.25"]
[SourceVersion "1"]
[SourceVersionDate "2007.11.25"]
[SourceQuality "1"]

1. e4 d6 2. Nf3 Nf6 3. Nc3 e5 4. Bc4 Be6 5. Bxe6 fxe6 6. 0-0 Nc6 7. Ng5 Qd7 8. Nb5 Nd4 9. Nxd4 exd4 10. d3 h6 11. Nh3 e5 12. f4 0-0-0 13. c3 dxc3 14. bxc3 exf4 15. Nxf4 Be7 16. Qb3 Ng4 17. Rb1 b5 18. Ne6 Rde8 19. Rf7 d5 20. exd5 Bc5+ 0-1